|
|
|
|
| LEADER |
00000nab a2200000 a 4500 |
| 001 |
vtls001509148 |
| 003 |
SK-MaSNL |
| 005 |
20260304170515.0 |
| 008 |
050227s2000 xo 000 0 slo |
| 035 |
|
|
|a SPKCL11475
|
| 040 |
|
|
|a SPKCL
|b slo
|c SNKBUCL
|d ÚIP-SPK(IC)
|e AACR2
|
| 041 |
|
|
|a slo
|
| 044 |
|
|
|a xo
|c SK
|
| 080 |
|
|
|a 372.862-053.2
|2 1981
|
| 100 |
1 |
|
|a Kožuchová, Mária,
|d 1950-
|4 aut
|9 185671
|
| 245 |
1 |
0 |
|a Technika v živote detí predškolského a mladšieho školského veku
|c Mária Kožuchová
|
| 520 |
|
|
|a Autorka charakterizuje základné východiská pre technické vzdelávanie detí predškolského a mladšieho školského veku. Určuje jeho ciele s ohľadom na vekové osobitosti detí. Popisuje techniku ako prostriedok hry, poznania a rozvoja praktických činností. Uvádza príklad učenia objavovaním v technickej výchove v materskej škole a popisuje priebeh technického vzdelávania na 1. stupni ZŠ.
|
| 655 |
|
7 |
|a BZB
|2 snkbucl
|9 1080216
|
| 773 |
1 |
|
|t Cesty demokracie vo výchove a vzdelávaní : Zborník z konferencie,
|g Iuventa s. 81-92
|
| 850 |
|
|
|a Slovenská pedagogická knižnica Bratislava
|
| 852 |
|
|
|a SPKCL
|b KIS3GCP
|b 000710000
|n SK
|
| 999 |
|
|
|c 2989113
|d 2991043
|